[Event "Wch U16 Girls"]
[Site "Chalkidiki"]
[Date "2003.10.23"]
[Round "1"]
[White "Pourkashiyan, Atousa"]
[Black "Valisckova, Petra"]
[Result "1-0"]
[WhiteElo "2232"]
[BlackElo "1900"]
[PlyCount "79"]
[EventDate "2003.10.23"]
[EventType "swiss"]
[EventRounds "11"]
[EventCountry "GRE"]
[SourceTitle "EXT 2004"]
[Source "ChessBase"]
[SourceDate "2003.11.25"]
[SourceVersion "1"]
[SourceVersionDate "2003.11.25"]
[SourceQuality "1"]

1. e4 e5 2. Nf3 Nc6 3. Bc4 Nf6 4. d4 exd4 5. 0-0 Be7 6. e5 Ne4 7. Bd5 Nc5 8. Bxc6 dxc6 9. Nxd4 0-0 10. Nc3 f6 11. exf6 Bxf6 12. Be3 Ne6 13. Nde2 Qe7 14. Qd3 Bd7 15. Rad1 Be8 16. Ne4 Bg6 17. Nxf6+ Qxf6 18. Qb3 Kh8 19. Qxb7 Rab8 20. Qxc6 Nf4 21. Nd4 Ne2+ 22. Kh1 Qxc6 23. Nxc6 Rxb2 24. Rd2 Nc3 25. Bxa7 Rxa2 26. Bc5 Rfa8 27. f3 Ra1 28. Kg1 Rxf1+ 29. Kxf1 Ra1+ 30. Kf2 Nd1+ 31. Kg3 h6 32. Ne7 Bf7 33. Bd4 Rb1 34. Nf5 Bg6 35. Nxg7 Kg8 36. Ne6 c6 37. Nf4 Bf5 38. Nd3 Bxd3 39. Rxd3 Kf7 40. Kf4 1-0